New releases (notice n° 1613703)

détails MARC
000 -LEADER
fixed length control field 02016cam a2200493 4500500
005 - DATE AND TIME OF LATEST TRANSACTION
control field 20260111053125.0
041 ## - LANGUAGE CODE
Language code of text/sound track or separate title fre
042 ## - AUTHENTICATION CODE
Authentication code dc
100 10 - MAIN ENTRY--PERSONAL NAME
Personal name Malcor, Marc
Relator term author
245 00 - TITLE STATEMENT
Title New releases
260 ## - PUBLICATION, DISTRIBUTION, ETC.
Date of publication, distribution, etc. 2025.<br/>
500 ## - GENERAL NOTE
General note 93
520 ## - SUMMARY, ETC.
Summary, etc. Alfred Hitchcock’s religious upbringing shaped his cinematic works. Not that he dealt directly with the question of the Catholic faith or wanted to proselytize, but he discovered the many faces of fear outside the protective family bubble, thanks to his education in several Jesuit institutions. The filmmaker never managed to shake these childhood fears—at best, he endeavored to exorcise them through his films.
700 10 - ADDED ENTRY--PERSONAL NAME
Personal name de Vitry, Alexandre
Relator term author
700 10 - ADDED ENTRY--PERSONAL NAME
Personal name Garnier, Gautier
Relator term author
700 10 - ADDED ENTRY--PERSONAL NAME
Personal name Albanel, Véronique
Relator term author
700 10 - ADDED ENTRY--PERSONAL NAME
Personal name Nys-Mazure, Colette
Relator term author
700 10 - ADDED ENTRY--PERSONAL NAME
Personal name Oiry, Béatrice
Relator term author
700 10 - ADDED ENTRY--PERSONAL NAME
Personal name Dethurens, Pascal
Relator term author
700 10 - ADDED ENTRY--PERSONAL NAME
Personal name Anger, Violaine
Relator term author
700 10 - ADDED ENTRY--PERSONAL NAME
Personal name Nieuwjaer, Raphaël
Relator term author
700 10 - ADDED ENTRY--PERSONAL NAME
Personal name Leboyer, Olivia
Relator term author
700 10 - ADDED ENTRY--PERSONAL NAME
Personal name Pourquery, Didier
Relator term author
700 10 - ADDED ENTRY--PERSONAL NAME
Personal name Glaise, Anthony
Relator term author
700 10 - ADDED ENTRY--PERSONAL NAME
Personal name Bellon, Raphaëlle
Relator term author
700 10 - ADDED ENTRY--PERSONAL NAME
Personal name Cugno, Alain
Relator term author
700 10 - ADDED ENTRY--PERSONAL NAME
Personal name Plusquellec, Florent
Relator term author
700 10 - ADDED ENTRY--PERSONAL NAME
Personal name Corman, Antoine
Relator term author
700 10 - ADDED ENTRY--PERSONAL NAME
Personal name Ribereau-Gayon, Philippe
Relator term author
700 10 - ADDED ENTRY--PERSONAL NAME
Personal name Donegani, Jean-Marie
Relator term author
700 10 - ADDED ENTRY--PERSONAL NAME
Personal name Laux, Henri
Relator term author
700 10 - ADDED ENTRY--PERSONAL NAME
Personal name Cordemoy, Laurent
Relator term author
700 10 - ADDED ENTRY--PERSONAL NAME
Personal name Protais, Baptiste
Relator term author
700 10 - ADDED ENTRY--PERSONAL NAME
Personal name Euvé, François
Relator term author
700 10 - ADDED ENTRY--PERSONAL NAME
Personal name Mycinski, Cyprien
Relator term author
700 10 - ADDED ENTRY--PERSONAL NAME
Personal name Maila, Joseph
Relator term author
700 10 - ADDED ENTRY--PERSONAL NAME
Personal name Arnault, Gabriel
Relator term author
700 10 - ADDED ENTRY--PERSONAL NAME
Personal name Browaeys, Dorothée
Relator term author
700 10 - ADDED ENTRY--PERSONAL NAME
Personal name Houdeville, Eymard
Relator term author
700 10 - ADDED ENTRY--PERSONAL NAME
Personal name Korchane, Faker
Relator term author
700 10 - ADDED ENTRY--PERSONAL NAME
Personal name Perrot, Étienne
Relator term author
786 0# - DATA SOURCE ENTRY
Note Études | Mars | 3 | 2025-02-17 | p. 121-144 | 0014-1941
856 41 - ELECTRONIC LOCATION AND ACCESS
Uniform Resource Identifier <a href="https://shs.cairn.info/revue-etudes-2025-3-page-121?lang=en&redirect-ssocas=7080">https://shs.cairn.info/revue-etudes-2025-3-page-121?lang=en&redirect-ssocas=7080</a>

Pas d'exemplaire disponible.

PLUDOC

PLUDOC est la plateforme unique et centralisée de gestion des bibliothèques physiques et numériques de Guinée administré par le CEDUST. Elle est la plus grande base de données de ressources documentaires pour les Étudiants, Enseignants chercheurs et Chercheurs de Guinée.

Adresse

627 919 101/664 919 101

25 boulevard du commerce
Kaloum, Conakry, Guinée

Réseaux sociaux

Powered by Netsen Group @ 2025